| 000 | 00773cam a22002535a 4500 | ||
|---|---|---|---|
| 001 | 12397133 | ||
| 005 | 20170430105751.0 | ||
| 008 | 010502s2000 enka frb f001 0deng d | ||
| 020 | _a0192854062 | ||
| 020 | _a9780192854063 | ||
| 040 |
_aDLC _cDLC _dDLC _dEG-ScBUE _beng |
||
| 082 | 0 | 4 |
_222 _a192 _bAYE |
| 100 | 1 |
_aAyer, A. J. _q(Alfred Jules), _d1910-1989. |
|
| 245 | 1 | 0 |
_aHume : _ba very short introduction / _cA. J. Ayer. |
| 260 |
_aOxford ; _aNew York : _bOxford University Press, _c2000. |
||
| 300 |
_a125 p. : _bill. ; _c18 cm. |
||
| 490 | 0 |
_aVery short introductions ; _v33 |
|
| 504 | _aIncludes bibliographical references and index. | ||
| 600 | 1 | 0 |
_aHume, David, _d1711-1776. |
| 650 | _2BUEsh | ||
| 651 | _2BUEsh | ||
| 653 |
_bHHUUPPSS _cApril2017 |
||
| 942 | _2ddc | ||
| 999 |
_c24744 _d24716 |
||